Sociální solidární ekonomika − spravedlivější systém fungování hospodářství a společnosti je možný

Koncept sociálnej solidárnej ekonomiky (SSE) jej prednosti a uspokojovanie potrieb jednotlivcov, komunít, a to s ohľadom na životné prostredie. Súčasťou článku je pozvánka na medzinárodnú konferenciu "Sociální solidární ekonomika ve střední a východní Evropě".

Na minha lista:
Detalhes bibliográficos
Autor principal: Silná, Karolína
Formato: Capítulo de Livro
Idioma:tcheco
Assuntos:
Tags: Adicionar Tag
Sem tags, seja o primeiro a adicionar uma tag!

MARC

LEADER 00000naa a2200000 4500
001 0263402
005 20200505133743.9
041 0 |a cze 
044 |a CZ 
245 1 0 |a Sociální solidární ekonomika − spravedlivější systém fungování hospodářství a společnosti je možný  |c Karolína Silná 
520 |a Koncept sociálnej solidárnej ekonomiky (SSE) jej prednosti a uspokojovanie potrieb jednotlivcov, komunít, a to s ohľadom na životné prostredie. Súčasťou článku je pozvánka na medzinárodnú konferenciu "Sociální solidární ekonomika ve střední a východní Evropě". 
610 2 0 |a politika sociálna 
610 2 0 |a ekonomika sociálna 
610 2 0 |a problémy spoločenské 
610 2 0 |a solidarita 
610 2 0 |a prostredie životné 
610 2 0 |a komunity 
100 1 |a Silná, Karolína